Famous People Born in the 1990s - Sudden Death - Statistics

General Stats
  • This quiz has been taken 103 times
  • The average score is 4 of 15
Answers on the Grid
Answers color-coded by a green-red scale on the quiz's grid according to % correct below.
Margot Robbie
Ed Sheeran
Neymar
Ariana Grande
Bad Bunny
Timothée Chalamet
Dove Cameron
Madelyn Cline
Mr Beast
Gracie Abrams
Emma Watson
Sabrina Carpenter
Madison Beer
Central Cee
Kylian Mbappé
SZA
Avicii
Rihanna
Steph Curry
Lizzo
Lionel Messi
Kevin Durant
Daniel Radcliffe
Jace Norman
Joshua Bassett
Erling Haaland
Billie Eilish
Jenna Ortega
Skai Jackson
Olivia Rodrigo
 
Answer Stats
Answer % Correct
Emma Watson
37%
Timothée Chalamet
37%
Ed Sheeran
34%
Margot Robbie
34%
Ariana Grande
33%
Sabrina Carpenter
31%
Neymar
27%
Kylian Mbappé
25%
Bad Bunny
24%
Mr Beast
22%
Madison Beer
19%
Gracie Abrams
18%
Dove Cameron
13%
Central Cee
10%
Madelyn Cline
4%
No matching quizzes found
Score Distribution
Percent of People with Each Score
Percentile by Number Answered
Your Score History
You have not taken this quiz